| 000 | 00566nam a2200193 i 4500 | ||
|---|---|---|---|
| 001 | 47038 | ||
| 003 | ES-MaACL | ||
| 005 | 20230906161506.0 | ||
| 007 | t| | ||
| 008 | 030403s1932 pn ||||1| spa d | ||
| 110 | 2 |
_aPanamá. _96111 |
|
| 240 | 0 | 0 | _aConstitución, 1904 |
| 245 | 1 | 0 | _aConstitución nacional. |
| 250 | _aEd. popular. | ||
| 260 |
_aPanamá : _b[s.n.], _c1932 ( _fImp. Nacional) |
||
| 300 |
_a57 p. ; _c17 cm. |
||
| 500 | _aPrecede al tít.: República de Panamá. | ||
| 852 |
_aES-MaACL _j1784-F-15 _z.- Donat. de la Academia Panameña de la Historia |
||
| 999 |
_c47038 _d47038 |
||